Mechanical metallurgy (Record no. 25704)

000 -LEADER
fixed length control field 00503nam a22001937a 4500
001 - CONTROL NUMBER
control field 25704
003 - CONTROL NUMBER IDENTIFIER
control field BD-DhUET
008 - FIXED-LENGTH DATA ELEMENTS--GENERAL INFORMATION
fixed length control field 150516b xxu||||| |||| 00| 0 eng d
040 ## - CATALOGING SOURCE
Transcribing agency 0
Modifying agency BD-DhUET
082 ## - DEWEY DECIMAL CLASSIFICATION NUMBER
Classification number 669.94
Item number DIE/1961
100 ## - MAIN ENTRY--PERSONAL NAME
Personal name Dieter, E. George
245 ## - TITLE STATEMENT
Title Mechanical metallurgy
250 ## - EDITION STATEMENT
Edition statement 1st ed.
260 ## - PUBLICATION, DISTRIBUTION, ETC. (IMPRINT)
Place of publication, distribution, etc. London
Name of publisher, distributor, etc. McGraw-Hill
Date of publication, distribution, etc. 1961
300 ## - PHYSICAL DESCRIPTION
Extent xix, 615p.
Other physical details ill
490 ## - SERIES STATEMENT
Series statement Metallurgy and metallurgical engineering series
650 #0 - SUBJECT ADDED ENTRY--TOPICAL TERM
Topical term or geographic name as entry element Strength of materials
942 ## - ADDED ENTRY ELEMENTS (KOHA)
Koha item type General Book
Holdings
Location (home branch) Price effective from Shelving location Not for loan Koha item type Date acquired Koha out on loan Lost status Koha date last seen Damaged status Withdrawn status Piece designation (barcode) Koha date last borrowed Copy number Sublocation or collection (holding branch) Source of classification or shelving scheme Koha issues (times borrowed) Koha full call number Koha normalized classification for sorting
Central Library, BUET2015-05-16Circulation section General Book2015-05-16  2015-05-16  7380 1Central Library, BUET  669.94/DIE/1961669_940000000000000_DIE_1961
Central Library, BUET2015-05-16Circulation section General Book2015-05-16  2015-05-16  20408 2Central Library, BUET  669.94/DIE/1961669_940000000000000_DIE_1961
Central Library, BUET2015-05-16Circulation section General Book2015-05-16  2015-05-16  11400 3Central Library, BUET  669.94/DIE/1961669_940000000000000_DIE_1961
Central Library, BUET2015-05-16Circulation section General Book2015-05-16  2015-05-16  31952 4Central Library, BUET  669.94/DIE/1961669_940000000000000_DIE_1961
Central Library, BUET2015-05-19Circulation section General Book2015-05-19  2015-05-19  31933 5Central Library, BUET  669.94/DIE/1961669_940000000000000_DIE_1961
Central Library, BUET2015-05-20Circulation section General Book2015-05-20  2024-05-26  547042024-03-046Central Library, BUET 2669.94/DIE/1961669_940000000000000_DIE_1961
Central Library, BUET2015-05-21Circulation section General Book2015-05-21  2015-05-21  24464 7Central Library, BUET  669.94/DIE/1961669_940000000000000_DIE_1961
Central Library, BUET2015-05-21Circulation section General Book2015-05-21  2018-10-06  204072018-08-088Central Library, BUET 1669.94/DIE/1961669_940000000000000_DIE_1961
Central Library, BUET2015-05-23Circulation section General Book2015-05-23  2017-03-11  31936 9Central Library, BUET  669.94/DIE/1961669_940000000000000_DIE_1961
Central Library, BUET2015-05-23Circulation section General Book2015-05-232025-05-14 2025-04-30  319352025-04-3010Central Library, BUET 1669.94/DIE/1961669_940000000000000_DIE_1961
Central Library, BUET2015-06-17Reading section General Book2015-06-17  2015-06-17  24463 11Central Library, BUET  669.94/DIE/1961669_940000000000000_DIE_1961
Central Library, BUET2015-06-27Reading section Reading Item2015-06-27  2015-06-27  36043 12Central Library, BUET  669.94/DIE/1961669_940000000000000_DIE_1961